| 000 | 00662cam a2200229 4500 | ||
|---|---|---|---|
| 001 | 46280 | ||
| 010 | _a9722500368 | ||
| 021 | _b28519/89 | ||
| 090 | _a46280 | ||
| 100 | _a19900504d1989 m y0pory5003 ba | ||
| 101 | 1 | _apor | |
| 102 | _aPT | ||
| 200 | 1 |
_aA última batalha _ea queda de Berlim _fCornelius Ryan _gtrad. Augusto Pastor Fernandes |
|
| 205 | _a3.ª ed. | ||
| 210 | 9 |
_aVenda Nova _cBertrand, _dimp. 1989 |
|
| 215 |
_a502 p. _d23 cm |
||
| 675 |
_a821.111(417)-311.6"19" _vBN _zpor |
||
| 700 | 1 |
_aRyan, _bCornelius, _f1920-1974 |
|
| 702 | 1 |
_aFernandes, _bAugusto Pastor, _f1914-1998 _4730 |
|
| 702 | 1 |
_aClara, _bMaria, _f1934- _4550 |
|
| 801 | 0 |
_aPT _bBN _gRPC |
|
| 990 | _cLIVROS | ||